[Event "Dortmund op-B"]
[Site "Dortmund"]
[Date "2007.06.23"]
[Round "2"]
[White "Walter, Julian"]
[Black "Schneider, Robert"]
[Result "1/2-1/2"]
[WhiteElo "1491"]
[BlackElo "1699"]
[PlyCount "67"]
[EventDate "2007.06.22"]
[EventType "swiss"]
[EventRounds "9"]
[EventCountry "GER"]
[SourceTitle "EXT 2008"]
[Source "ChessBase"]
[SourceDate "2007.11.25"]
[SourceVersion "1"]
[SourceVersionDate "2007.11.25"]
[SourceQuality "1"]

1. d4 d5 2. c4 e6 3. Nf3 Nf6 4. Bg5 Nbd7 5. e3 c6 6. Nc3 Be7 7. Bd3 0-0 8. 0-0 dxc4 9. Bxc4 Nd5 10. Bxe7 Qxe7 11. Nxd5 exd5 12. Bd3 Nf6 13. Qc2 h5 14. h3 Ne4 15. Qe2 g6 16. Rfe1 Bf5 17. Rad1 Kg7 18. Nd2 Rae8 19. Nxe4 Bxe4 20. f3 Bxd3 21. Rxd3 Qg5 22. Qc2 Re7 23. e4 Rfe8 24. Rde3 dxe4 25. fxe4 Rd7 26. Qc3 Qf6 27. Rd3 Red8 28. Red1 Kg8 29. d5 Qxc3 30. bxc3 f6 31. c4 b6 32. dxc6 Rxd3 33. Rxd3 Rc8 34. Kf2 1/2-1/2

[Event "Dortmund op-B"]
[Site "Dortmund"]
[Date "2005.07.12"]
[Round "5"]
[White "Rohsiepe, Sebastian"]
[Black "Schneider, Robert"]
[Result "1/2-1/2"]
[WhiteElo "1584"]
[BlackElo "1259"]
[PlyCount "42"]
[EventDate "2005.07.08"]
[EventType "swiss"]
[EventRounds "9"]
[EventCountry "GER"]
[SourceTitle "CBM 107 Extra"]
[Source "ChessBase"]
[SourceDate "2005.09.01"]
[SourceVersion "1"]
[SourceVersionDate "2005.09.01"]
[SourceQuality "1"]

1. e4 e5 2. Nf3 Nc6 3. Bc4 d6 4. d3 Bd7 5. c3 Be7 6. b4 Nf6 7. Qb3 0-0 8. Ng5 Qe8 9. 0-0 h6 10. Nf3 Bg4 11. Nbd2 Qd7 12. Bb2 a5 13. a3 axb4 14. cxb4 Nh5 15. d4 exd4 16. Nxd4 Nxd4 17. Bxd4 Bf6 18. Bxf6 Nxf6 19. h3 Be6 20. Rfd1 b5 21. Bxe6 Qxe6 1/2-1/2